Costa Rica: emisora amenazada
Sábháilte in:
| Formáid: | Téacs |
|---|---|
| Ábhair: | |
| Clibeanna: |
Cuir clib leis
Níl clibeanna ann, Bí ar an gcéad duine le clib a chur leis an taifead seo!
|
MARC
| LEADER | 00000 a a2200000 04500 | ||
|---|---|---|---|
| 001 | 42449 | ||
| 003 | |||
| 040 | |||
| 245 | |a Costa Rica: |b emisora amenazada | ||
| 650 | |a POLITICA | ||
| 650 | |a DEMOCRACIA | ||
| 650 | |a ORGANIZACIONES | ||
| 650 | |a AMERICA LATINA | ||
| 773 | |g volumen3, número46 (1979). Página: 421 | ||
| 999 | |c 38741 |d 38741 | ||
| 773 | 0 | |0 42391 |9 3765 |a Agencia Latinoamericana de Información, ALAI |d Quito, Ecuador: ALAI |o 03849 |t ALAI: |x 08275564 (Servicio mensual de información y documentación) | |
